| 000 -LEADER |
| fixed length control field |
00534nam a22001937a 4500 |
| 005 - DATE AND TIME OF LATEST TRANSACTION |
| control field |
20250508134921.0 |
| 008 - FIXED-LENGTH DATA ELEMENTS--GENERAL INFORMATION |
| fixed length control field |
250508b ||||| |||| 00| 0 eng d |
| 040 ## - CATALOGING SOURCE |
| Transcribing agency |
SSBUL |
| 041 ## - LANGUAGE CODE |
| Language code of text/sound track or separate title |
English |
| 082 ## - DEWEY DECIMAL CLASSIFICATION NUMBER |
| Edition number |
23 |
| Classification number |
823.085 At |
| Item number |
25434 S-RH |
| 100 1# - MAIN ENTRY--PERSONAL NAME |
| Personal name |
Atkinson, Kate. |
| 9 (RLIN) |
59548 |
| 245 10 - TITLE STATEMENT |
| Title |
Case Histories / |
| Statement of responsibility, etc. |
Kate Atkinson. |
| 260 ## - PUBLICATION, DISTRIBUTION, ETC. |
| Place of publication, distribution, etc. |
London: |
| Name of publisher, distributor, etc. |
Black Swan, |
| Date of publication, distribution, etc. |
2005. |
| 300 ## - PHYSICAL DESCRIPTION |
| Extent |
427 pages; |
| Dimensions |
20 cm. |
| 500 ## - GENERAL NOTE |
| General note |
S-RH: Mr. Ron Halsey Collection |
| 650 ## - SUBJECT ADDED ENTRY--TOPICAL TERM |
| Topical term or geographic name entry element |
English fiction |
|
| Topical term or geographic name entry element |
Love fiction |
| 9 (RLIN) |
59549 |
| 942 ## - ADDED ENTRY ELEMENTS (KOHA) |
| Source of classification or shelving scheme |
|
| Koha item type |
Book (Short term) |